Video Games: Shooter Games - Statistics

General Stats
  • This quiz has been taken 143 times
  • The average score is 11 of 20
Answer Stats
Debut Developers/Publishers Entries/DLCs/Modes Answer % Correct
2003 Activision Black Ops, Modern Warfare, World at War Call of Duty
98%
2001 343, Bungie, Xbox Game Studios Infinite, Guardians, Reach Halo
86%
2017 Epic Battle Royale, Save the World Fortnite
85%
1993 Bethesda, iD Software 1993, 2016, Eternal DOOM
80%
2015 Ubisoft Siege Rainbow Six
77%
2002 EA, DICE 1942, 1, 2042 Battlefield
76%
1997 Rare 007 Goldeneye 007
75%
1999 Valve Global Offensive, Condition Zero, Source Counter Strike
70%
2016 Blizzard 2016, 2 Overwatch
61%
1992 (As a FPS) Bethesda, iD Software 3D, New Order, Old Blood Wolfenstein
56%
1998 Valve Decay, Echoes, Alyx Half-Life
55%
2006 Epic, Xbox Game Studios Judgement, Tactics, 5 Gears of War
47%
2014 Respawn Apex Legends (Technically), Assault Titanfall
44%
2020 Riot 2020 Valorant
44%
2007 2K Infinite, Minverva's Den Bioshock
34%
2009 Gearbox, 2K Bounty of Blood, Pre-Sequel Borderlands
34%
2014 Bungie Foresaken, Rise of Iron, Shadowkeep Destiny
34%
2008 Valve 2008, 2 Left 4 Dead
30%
2004 EA, DICE 2015, Elite Squadron, Renegade Squdron, 2 Star Wars Battlefront
30%
2017 KRAFTON, Xbox Game Studios 2017, New State PUBG
20%
No matching quizzes found
Score Distribution
Percent of People with Each Score
Percentile by Number Answered
Your Score History
You have not taken this quiz